Optimization on SSR reaction system of Hevea brasiliensis (Record no. 64435)

MARC details
000 -LEADER
fixed length control field 00539nam a2200169Ia 4500
100 ## - MAIN ENTRY--AUTHOR NAME
Personal name Zheng Xue-xiang
245 #0 - TITLE STATEMENT
Title Optimization on SSR reaction system of Hevea brasiliensis
260 ## - PUBLICATION, DISTRIBUTION, ETC. (IMPRINT)
Name of publisher IRRDB Natural Rubber Conference 2008, 13-15 October 2008, Kuala Lumpur, Malaysia: Abstract of papers
500 ## - GENERAL NOTE
General note Source Year: 2008
650 ## - SUBJECT ADDED ENTRY--TOPICAL TERM
Topical Term Optimization
650 ## - SUBJECT ADDED ENTRY--TOPICAL TERM
Topical Term Simple sequence repeat(SSR)
700 ## - ADDED ENTRY--PERSONAL NAME
Personal name Feng Su-ping
700 ## - ADDED ENTRY--PERSONAL NAME
Personal name Li Wei-guo
856 ## - ELECTRONIC LOCATION AND ACCESS
Uniform Resource Identifier Abst only
942 ## - ADDED ENTRY ELEMENTS (KOHA)
Koha item type Journals
Holdings
Withdrawn status Lost status Damaged status Not for loan Home library Current library Shelving location Date acquired Koha item type
      Journals RRII Library RRII Library Biotechnology 28/01/2009 Journals